The boatowner's guide to GMDSS and marine radio : Marine distress and safety communications in the digital age

The new digital Global Maritime Distress and Safety System (GMDSS) is revolutionizing emergency communications and international search-and-rescue at sea. Clearly and concisely, this one-of-a-kind guide presents what you should know about using digital marine radios for emergency assistance and enha...

全面介绍

Đã lưu trong:
书目详细资料
企业作者: United States Power Squadrons
格式: 图书
语言:Undetermined
出版: Camden, Me. International Marine/McGraw-Hill 2006
主题:
标签: 添加标签
没有标签, 成为第一个标记此记录!
Thư viện lưu trữ: Trung tâm Học liệu Trường Đại học Cần Thơ
LEADER 01119nam a2200241Ia 4500
001 CTU_141520
008 210402s9999 xx 000 0 und d
020 |c 288000 
082 |a 623.8932 
082 |b U58 
110 |a United States Power Squadrons 
245 4 |a The boatowner's guide to GMDSS and marine radio : 
245 0 |b Marine distress and safety communications in the digital age 
245 0 |c United States Power Squadrons 
260 |a Camden, Me. 
260 |b International Marine/McGraw-Hill 
260 |c 2006 
520 |a The new digital Global Maritime Distress and Safety System (GMDSS) is revolutionizing emergency communications and international search-and-rescue at sea. Clearly and concisely, this one-of-a-kind guide presents what you should know about using digital marine radios for emergency assistance and enhanced safety. 
650 |a Radio in navigation,Artificial satellites in navigation,Navigation,Distress signals 
650 |x Safety measures 
904 |i Giang 
910 |a Sách kèm CD số:AVA.001273 
980 |a Trung tâm Học liệu Trường Đại học Cần Thơ